000 00751nam a2200277Ia 4500
003 OSt
005 20221006160608.0
006 a|||||r|||| 00| 0
007 ta
008 221006b |||||||| |||| 00| 0 kor d
020 _a9788997429134
024 _a45,573
037 _bGift, KCC (Window on Korea)
_cTextual
040 _aEASL
_cEASL
_bkor
041 _2kor
_akor
082 _aO495,6x, Q3
100 _aJun Kim
_9674290
245 0 _aBadamat gihang
260 _aSeoul
_bJayeon sang tea Korea
_c2013
300 _a272p.
_ccm.
490 _v KL
650 _a KL
650 _aKorea - Literature - Novel
_9673742
942 _hO495,6x, Q3
_cTEXL
_2CC
999 _c1113665
_d1113665